| Поле | Инд. | ПП | Название | Значение |
|---|---|---|---|---|
| Тип записи | a | |||
| Библиографический уровень | m | |||
| 001 | Контрольный номер | RU/IS/BASE/119623387 | ||
| 005 | Дата корректировки | 20251022102142.4 | ||
| 020 | 00 | a | ISBN | 5-06-003475-5 |
| 084 | a | Индекс другой классификации/Индекс ББК | 71я73; 71.вя73; 71.0я73; 71.01я73; 71.02я73; 71.03я73; 71.04я73; 71.05я73; 71.06я73; 71.07я73; 71.08я73; 71.12я73; 60.02я73 | |
| 090 | 00 | a | Полочн. индекс | 71я73 |
| x | Авторский знак | К 906 | ||
| 097 | 00 | a | 300 | |
| b | Оператор | Жавоpонкова_Г.Я. | ||
| 100 | 1_ | a | Автор | Багдасарьян Н. Г. |
| 100 | 1_ | a | Автор | Литвинцева А. В. |
| 100 | 1_ | a | Автор | Чучайкина И. Е. |
| 100 | 1_ | a | Автор | Акимова И. А. |
| 100 | 1_ | a | Автор | Иванченко Г. В. |
| 100 | 1_ | a | Автор | Полуэктов Ю. П. |
| 100 | 1_ | a | Автор | Чернышева А. В. |
| 245 | 00 | a | Заглавие | Культурология |
| b | Продолж. заглавия | учебник для студентов технических вузов | ||
| c | Ответственность | под редакцией Н. Г. Багдасарьян | ||
| 250 | 00 | a | Основные сведения об издании | 3-е изд., испр. и доп. |
| 260 | 00 | a | Место издания | Москва |
| b | Издательство | Высшая школа | ||
| c | Дата издания | 2001 | ||
| 300 | 00 | a | Объем | 511 с. |
| 336 | a | Термин вида содержания | Текст | |
| 337 | a | Термин типа средства | непосредственный | |
| 504 | 00 | a | Библиография | Рек. лит.: с. 487-493. - Темы рефер.: с. 494-495. - Кр. терм. словарь: с. 496-509 |
| 521 | 00 | a | Примеч. о целев. назн. | студенты; преподаватели |
| 600 | 14 | a | Персоналии | Аристотель |
| a | Персоналии | Бердяев Николай Александрович | ||
| a | Персоналии | Булгаков Сергей Николаевич | ||
| a | Персоналии | Вебер Макс | ||
| a | Персоналии | Вернадский Владимир Иванович | ||
| a | Персоналии | Ибн Рушд (Аверроэс) | ||
| a | Персоналии | Ибн Сина (Авиценна) | ||
| a | Персоналии | Иванов Вячеслав Иванович | ||
| a | Персоналии | Леви-Строс Клод | ||
| a | Персоналии | Лоренц Конрад | ||
| a | Персоналии | Маритен Жак | ||
| a | Персоналии | Мень Александр Владимирович | ||
| a | Персоналии | Милюков Павел Николаевич | ||
| a | Персоналии | Моррис Уильям | ||
| a | Персоналии | Ортега-и-Гасет Хосе | ||
| a | Персоналии | Потебня Александр Афанасьевич | ||
| a | Персоналии | Рерих Николай Константинович | ||
| a | Персоналии | Риккерт Генрих | ||
| a | Персоналии | Сорокин Питирим Александрович | ||
| a | Персоналии | Тайлор Эдуард Бернетт | ||
| a | Персоналии | Тойнби Арнолд Джозеф | ||
| a | Персоналии | Трубецкой Евгений Николаевич | ||
| a | Персоналии | Франк Семен Людвигович | ||
| a | Персоналии | Хайдеггер Мартин | ||
| a | Персоналии | Хейзинга Йохан | ||
| a | Персоналии | Чижевский Александр Леонидович | ||
| a | Персоналии | Шпенглер Освальд | ||
| a | Персоналии | Шпет Густав Густавович | ||
| a | Персоналии | Эрн Владимир Францевич | ||
| a | Персоналии | Юнг Карл Густав | ||
| a | Персоналии | Якобсон Роман Осипович | ||
| a | Персоналии | Ясперс Карл | ||
| 650 | 04 | a | Основная рубрика | культура |
| a | Основная рубрика | культурология | ||
| 653 | 00 | a | Ключевые слова | альтернативные культуры |
| a | Ключевые слова | античная культура | ||
| a | Ключевые слова | антропология | ||
| a | Ключевые слова | артефакты | ||
| a | Ключевые слова | архетип | ||
| a | Ключевые слова | Библия | ||
| a | Ключевые слова | буддизм | ||
| a | Ключевые слова | вера | ||
| a | Ключевые слова | Возрождение (Ренессанс) | ||
| a | Ключевые слова | гармония | ||
| a | Ключевые слова | генезис | ||
| a | Ключевые слова | герменевтика | ||
| a | Ключевые слова | гуманизм | ||
| a | Ключевые слова | детерминизм | ||
| a | Ключевые слова | диффузия | ||
| a | Ключевые слова | знаковая культура | ||
| a | Ключевые слова | идеалы | ||
| a | Ключевые слова | инкультурация | ||
| a | Ключевые слова | инновации | ||
| a | Ключевые слова | иррационализм | ||
| a | Ключевые слова | искусство | ||
| a | Ключевые слова | ислам (мусульманство) | ||
| a | Ключевые слова | история культуры | ||
| a | Ключевые слова | катарсис | ||
| a | Ключевые слова | контекст | ||
| a | Ключевые слова | контркультура | ||
| a | Ключевые слова | креационизм | ||
| a | Ключевые слова | культурная антропология | ||
| a | Ключевые слова | культурогенез | ||
| a | Ключевые слова | магия | ||
| a | Ключевые слова | маргинальность | ||
| a | Ключевые слова | ментальность | ||
| a | Ключевые слова | мимесис | ||
| a | Ключевые слова | модернизационная культура | ||
| a | Ключевые слова | наука | ||
| a | Ключевые слова | новаторство | ||
| a | Ключевые слова | ноосфера | ||
| a | Ключевые слова | образы | ||
| a | Ключевые слова | прогресс | ||
| a | Ключевые слова | профессиональная культура | ||
| a | Ключевые слова | рационализм | ||
| a | Ключевые слова | религия | ||
| a | Ключевые слова | семантика культуры | ||
| a | Ключевые слова | символ | ||
| a | Ключевые слова | синергетика | ||
| a | Ключевые слова | синкретизм | ||
| a | Ключевые слова | синтез культур | ||
| a | Ключевые слова | социальная антропология | ||
| a | Ключевые слова | социокультурная динамика | ||
| a | Ключевые слова | субкультуры | ||
| a | Ключевые слова | субстанции | ||
| a | Ключевые слова | сущность культуры | ||
| a | Ключевые слова | сферы культуры | ||
| a | Ключевые слова | теоретические концепции | ||
| a | Ключевые слова | техника | ||
| a | Ключевые слова | технократизм | ||
| a | Ключевые слова | типология культур | ||
| a | Ключевые слова | традиционные культуры | ||
| a | Ключевые слова | универсалии | ||
| a | Ключевые слова | фетишизм | ||
| a | Ключевые слова | философия культуры | ||
| a | Ключевые слова | христианство | ||
| a | Ключевые слова | ценности | ||
| a | Ключевые слова | цивилизация | ||
| a | Ключевые слова | эзотерика | ||
| a | Ключевые слова | этнокультура | ||
| a | Ключевые слова | этносы | ||
| a | Ключевые слова | этос | ||
| a | Ключевые слова | язык культуры | ||
| 655 | 00 | a | Жанр/ форма (устаревшее) | учебное пособие |
| 900 | a | Имя электронного ресурса | obl_Kulturologiya Hrestomatiya2001 | |
| x | Справочная информация | Обложка | ||
| 901 | t | Тип документа | m | |
| 952 | a | Тип литературы для КСУ ВШ | УИ | |
| 954 | a | Гриф | 1.1.0 |